| 000 | 01118nam0a2200289 4500 | ||
|---|---|---|---|
| 001 | RU\NLR\bibl\957526 | ||
| 005 | 20250614203218.0 | ||
| 010 |
_a5-901-809-33-5 _92000 |
||
| 021 |
_aRU _b2006-27449 _91364 |
||
| 035 | _a(NLR Aleph) 000945583 | ||
| 090 |
_a247218 _c247218 |
||
| 100 | _a20060607d2006 |||y0rusy50 ca | ||
| 101 | 0 | _arus | |
| 102 | _aRU | ||
| 105 | _aa ||||||||| | ||
| 200 | 1 |
_aСледствием установлено _eсборник очерков _f[ред. совет: Кубышко В. Л. - пред. и др.] |
|
| 210 |
_aМосква _cСтудия писателей МВД России _d2006 |
||
| 215 |
_a454, [1] с., [9] л. цв. ил. _d22 |
||
| 601 | 0 | 1 |
_aРоссийская Федерация _bМинистерство внутренних дел _bСледственный комитет _jСборники _92431176 _3RU\NLR\auth\661447056 |
| 686 | 1 | _aХ621.163.011я43 | |
| 702 | 1 |
_aКубышко _bВ. Л. _4340 |
|
| 801 | 0 |
_aRU _bNLR _c20060607 _grcr |
|
| 801 | 1 |
_aRU _bNLR _c20060607 |
|
| 942 | _cBOOK | ||
| 980 | _aNB | ||